Modificaciones introducidas por el derecho social al derecho civil. Contratos y obligaciones. Personas jurídicas. Derecho sucesorio.

Furkejuvvon:
Bibliográfalaš dieđut
Váldodahkki: Gaete Berríos, Alfredo (autor)
Eará dahkkit: Belmar B., Aída (autor), Burreto H., Renato (autor), Barriga Errázuriz, Luis (prólogo)
Materiálatiipa: Girji
Giella:espánnjágiella
Almmustuhtton: Santiago, Chile: Nascimento, 1939
Fáttát:
Fáddágilkorat: Lasit fáddágilkoriid
Eai fáddágilkorat, Lasit vuosttaš fáddágilkora!

MARC

LEADER 00000nam a2200000 a 4500
001 UCR4265
003 CL-VaPUC
005 20231109170918.0
008 980307e19390000CL |||||||||||||||||spa|d
999 |c 267213  |d 267211 
040 |c Pontificia Universidad Católica de Valparaíso 
082 0 4 |a 346.83 GAE 1939   |2 21 
100 |a Gaete Berríos, Alfredo  |e autor  |9 480656 
245 1 0 |a Modificaciones introducidas por el derecho social al derecho civil.  |b Contratos y obligaciones. Personas jurídicas. Derecho sucesorio.  
260 |a Santiago, Chile:  |b Nascimento,  |c 1939 
300 |a 183 páginas.  
500 |a c.2 Donación Familia Prof. Alejandro Guzmán Brito. 
583 |a last modification  |c 19980307 00:00:00  |k Rodrigo Vera 
650 0 |a Derecho civil  |9 255013 
650 0 |a Derecho privado  |9 258243 
650 0 |a Contratos  |9 255153 
650 0 |a Obligaciones   |9 255578 
650 0 |a Personas jurídicas  |9 257259 
650 0 |a Derecho sucesorio  |9 255015 
650 0 |a Historia del derecho chileno  |9 404081 
700 0 |a Belmar B., Aída  |e autor  |9 404079 
700 0 |a Burreto H., Renato  |e autor  |9 404080 
700 |a Barriga Errázuriz, Luis  |e prólogo  |9 327838 
942 |c BK  |2 ddc  |n 0 
945 |d 19980307 00:00:00  |a crobeson 
952 |0 0  |1 0  |4 0  |6 346_830000000000000_GAE_1939  |7 0  |8 A  |9 299441  |a BIBDER  |b BIBDER  |d 2019-11-20  |i 1948717  |o 346.83 GAE 1939  |p 1948717  |r 2023-01-25  |w 2019-11-20  |y BK  |k DER